|
|
|
|
| LEADER |
00000nas a2200000 a 4500 |
| 001 |
ssj0000563298 |
| 003 |
WaSeSS |
| 005 |
20200512172242.0 |
| 006 |
m d |
| 007 |
cr n |
| 008 |
101004c20119999nyutr p s 0 a0eng |
| 010 |
|
|
|a 2011208557
|
| 015 |
|
|
|a GBB1A9692
|2 bnb
|
| 016 |
7 |
|
|a 015662456
|2 Uk
|
| 022 |
|
|
|a 2045-4813
|
| 035 |
|
|
|a (WaSeSS)ssj0000563298
|
| 037 |
|
|
|b USA/RoW: Berghahn Journals Inc., c/o Turpin North America, 143 West St., New Milford, CT 06776, USA; UK/Europe: Berghahn Journals, Ltd, c/o Turpin Distribution, Pegasus Dr. Stratton Business Park, Biggleswade, Beds. SG18 8TQ UK
|
| 040 |
|
|
|a UKMGB
|b eng
|c UKMGB
|d DLC
|d OCLCF
|d AU@
|d OCLCQ
|d DLC
|d WaSeSS
|
| 042 |
|
|
|a lccopycat
|a nsdp
|
| 050 |
0 |
0 |
|a HE192.5
|b .T66
|
| 082 |
1 |
0 |
|a 303
|2 23
|
| 082 |
0 |
4 |
|a 303.483205
|2 23
|
| 222 |
|
0 |
|a Transfers
|
| 245 |
0 |
0 |
|a Transfers
|h [electronic resource] :
|b interdisciplinary journal of mobility studies.
|
| 260 |
|
|
|a Oxford :
|b Berghahn Journals,
|c 2011-
|
| 260 |
3 |
|
|3 <2019->:
|a [New York] :
|a [Oxford] :
|b Berghahn
|
| 310 |
|
|
|a Three issues yearly
|
| 362 |
0 |
|
|a Vo. 1, issue 1 (spring 2011)-
|
| 506 |
|
|
|a License restrictions may limit access.
|
| 588 |
|
|
|a Latest issue consulted: Vol. 9, issue 1 (spring 2019) (Surrogate).
|
| 650 |
|
0 |
|a Transportation
|x Social aspects
|x Research
|v Periodicals.
|
| 650 |
|
7 |
|a Transportation
|x Social aspects
|x Research.
|2 fast
|0 (OCoLC)fst01155206
|
| 655 |
|
0 |
|a Electronic journals.
|
| 776 |
0 |
8 |
|i Print version:
|t Transfers
|x 2045-4821
|w (DLC) 2019202454
|w (OCoLC)840119646
|
| 850 |
|
|
|a DLC
|
| 856 |
4 |
0 |
|z Full text available from Research Library: 04/01/2011 to 1 year ago
|u https://search.proquest.com/publication/2037551
|